00000000nas##2200000za#4500
0019.508656
003CaOODSP
00520210511115006
007ta
008150406c1991||||xxc|| p #||||f|   |0eng|d
022 |a0041-0438
040 |aCaOODSP|beng
041 |aeng
041 |afre
043 |an-cn---
0861 |aRG42-2-1
1102 |aCanadian Intellectual Property Office.
24510|aTrade-marks journal
260 |aOttawa - Ontario : |bIndustry Canada.
310 |aWeekly
3621 |aCeased with Vol. 56, No. 2838, March 18, 2009
500 |aAvailable in electronic format only from Vol. 56, No. 2839, March 25, 2009.
563 |aSoftcover
69007|aTrademarks|2gcpds
7760#|tTrade-marks journal |w(CaOODSP)9.500144
792 |tJournal des marques de commerce |efre|w(CaOODSP)9.508657